000 00860nam a2200289 i 4500
001 bg
245 0 0 _aNauka, filozofia, wartości /
_cpod red. nauk. Teresy Grabińskiej i Mirosława Zabierowskiego.
260 _aWrocław :
_bOficyna Wydawnicza Politechniki Wrocławskiej,
_c1994.
300 _a141, [2] s. ;
_c24 cm.
490 1 _aCosmos-Logos
500 _aTekst częśc. fr.
504 _aBibliogr. przy pracach.
650 9 _aKosmologia
_xzagadnienia
650 9 _aNauka
_xfilozofia
650 9 _aMetafizyka
650 9 _aWartość
_xfilozofia
700 1 _aGRABIŃSKA, Teresa.
_eRed.
700 1 _aZABIEROWSKI, Mirosław.
_eRed.
830 _aCosmos-Logos
020 _a8370851045
040 _cBPK
041 0 _apolfre
080 _a001:11/12:17
920 _a83-7085-104-5
942 _cKS
008 s pl f |000 0 pol
999 _c30768
_d30768
856 _uhttp://koha.tu.koszalin.pl/cgi-bin/koha/opac-detail.pl?biblionumber=30768
_yKatalog online BPK